000 00275nam a22001217a 4500
008 180809b xxu||||| |||| 00| 0 eng d
041 _aeng
080 _a616.12
100 _a7
101 _aKARD
245 _aClincal Disorders of the Heartbeat
_cLewis,Th
942 _2udc
_cBK
999 _c46956
_d46956